LEADER 01623nam a2200313 i 4500 001 000000157920 003 CaOOAMICUS 005 20070123000000.0 008 070123s2006 be u000 u fre u 013 $a135283 020 $a978-2-503-51430-7 040 $aSeMil$bita 245 10$aThesaurus Agathiae Myrinaei :$bHistoria et Epigrammata /$ccurantibus Bernard Coulie, Bastien Kindt et CENTAL. 260 $aTurnhout :$bBrepols,$c2006. 300 $aXXIX, 100 p. ;$c32 cm. + 16 microfiches. 490 0 $aCorpus Christianorum. Thesaurus Patrum Graecorum ;$v17 650 4$aPatristica - Scrittori greci - Lessico.$0(OLS)http://semarc/subject/7823 650 4$aAgazia : Scolastico - Opere - Spogli lessicologici.$0(OLS)http://semarc/subject/30898 700 0 $aAgathias : Scholasticus,$d<536-582>.$0(OLS)http://semarc/name/61624 700 1 $aUniversité Catholique : Centre de traitement automatique du langage.$0(OLS)http://semarc/name/51141 700 1 $aKindt, Bastien.$0(OLS)http://semarc/name/3680 700 1 $aCoulie, Bernard,$d<1959- >.$0(OLS)http://semarc/name/3679 830 0$aCorpus Christianorum. Thesaurus Patrum Graecorum ;$v17.$0(OLS)http://semarc/title/217 850 $aSeMil 852 $aSeMil$W1$xVenegono$y1$mSL2.K III 16$j109594$B109594$CSeMilBibl$Z2$F119184 $8I 961 $aSottoscrizione: Brepols 996 $6020$a978-2-503-51430-7$9(OLS)http://semarc/number/148345 996 $6245$aThesaurus Agathiae Myrinaei :$bHistoria et Epigrammata$9(OLS)http://semarc/title/231693 996 $6260$aTurnhout :$bBrepols$9(OLS)http://semarc/publisher/29626 LEADER 01334nam a2200289 i 4500 001 000000216763 003 CaOOAMICUS 005 20260213100331.0 008 121108s1758 sz u000 u lat u 013 $a195659 026 $aS.UM 8.US isc- vial (3) 1758 (A) 040 $aSeMil$bita 100 1 $aGerbert, Martin,$c.$0(OLS)http://semarc/name/12466 245 10$aDe recto et perverso usu theologiae scholasticae auctore P. Martino Gerbert, monacho O.S.B. e Congr. D. Blasii in Silva Nigra, .. 260 $a[Sankt Blasius] :$bLitteris San-Blasianis,$c1758. 300 $a[8], 204, [4] p. ;$c8°. 500 $aFregi xilogr. 500 $aSegn.: *4 A-N8 500 $aLegato con 2D-II-27 e 29 FA 650 4$aTeologia - Testi - Sec. 18.$0(OLS)http://semarc/subject/197 650 4$aTeologia scolastica.$0(OLS)http://semarc/subject/784 850 $aSeMil 852 $aSeMil$W1$xVenegono$y1$m2D II 28 FA$j167179$B167179$CSeMilBibl$Z2$F177960 $8I 961 $aLegato con 2D-II-27 e 29 FA 996 $6245$aDe recto et perverso usu theologiae scholasticae auctore P. Martino Gerbert, monacho O.S.B. e Congr. D. Blasii in Silva Nigra, ..$9(OLS)http://semarc/title/311611 996 $6260$a[Sankt Blasius] :$bLitteris San-Blasianis$9(OLS)http://semarc/publisher/53016